<?xml version="1.0" encoding="UTF-8"?>
<record
    xmlns:xsi="http://www.w3.org/2001/XMLSchema-instance"
    xsi:schemaLocation="http://www.loc.gov/MARC21/slim http://www.loc.gov/standards/marcxml/schema/MARC21slim.xsd"
    xmlns="http://www.loc.gov/MARC21/slim">

  <leader>00738nam a2200193Ia 4500</leader>
  <controlfield tag="003">OSt</controlfield>
  <controlfield tag="005">20240506153455.0</controlfield>
  <controlfield tag="008">210210b1994   xxu||||| |||| 00| 0 eng d</controlfield>
  <datafield tag="040" ind1=" " ind2=" ">
    <subfield code="c">AL</subfield>
  </datafield>
  <datafield tag="041" ind1=" " ind2=" ">
    <subfield code="a">Kannada</subfield>
  </datafield>
  <datafield tag="082" ind1=" " ind2=" ">
    <subfield code="a">K494.3 YAJP</subfield>
  </datafield>
  <datafield tag="100" ind1=" " ind2=" ">
    <subfield code="a">YAJNANARAYANA UDUPA.</subfield>
    <subfield code="d">&#xCAF;&#xC9C;&#xCCD;&#xC9E;&#xCA8;&#xCBE;&#xCB0;&#xCBE;&#xCAF;&#xCA3; &#xC89;&#xCA1;&#xCC1;&#xCAA; </subfield>
    <subfield code="9">163344</subfield>
  </datafield>
  <datafield tag="245" ind1=" " ind2=" ">
    <subfield code="a">Purana-Bharata kosha. (Samagra Bharatavarshada purana vastu- vyakti nighantu).</subfield>
    <subfield code="b">&#xCAA;&#xCC1;&#xCB0;&#xCBE;&#xCA3; &#xCAD;&#xCBE;&#xCB0;&#xCA4; &#xC95;&#xCCB;&#xCB6; (&#xCB8;&#xCAE;&#xC97;&#xCCD;&#xCB0; &#xCAD;&#xCB0;&#xCA4;&#xCB5;&#xCB0;&#xCCD;&#xCB7;&#xCA6; &#xCAA;&#xCC1;&#xCB0;&#xCBE;&#xCA3; &#xCB5;&#xCB8;&#xCCD;&#xCA4;&#xCC1;-&#xCB5;&#xCCD;&#xCAF;&#xC95;&#xCCD;&#xCA4;&#xCBF; &#xCA8;&#xCBF;&#xC98;&#xC82;&#xC9F;&#xCC1;) </subfield>
  </datafield>
  <datafield tag="260" ind1=" " ind2=" ">
    <subfield code="a">Bengaluru.</subfield>
    <subfield code="b">Kannada Pustaka Pradikara.,</subfield>
    <subfield code="c">1994</subfield>
  </datafield>
  <datafield tag="300" ind1=" " ind2=" ">
    <subfield code="a">750</subfield>
  </datafield>
  <datafield tag="690" ind1=" " ind2=" ">
    <subfield code="a">Kannada Dictionary</subfield>
    <subfield code="9">163345</subfield>
  </datafield>
  <datafield tag="906" ind1=" " ind2=" ">
    <subfield code="a">049493</subfield>
  </datafield>
  <datafield tag="942" ind1=" " ind2=" ">
    <subfield code="2">ddc</subfield>
    <subfield code="c">BK</subfield>
  </datafield>
  <datafield tag="999" ind1=" " ind2=" ">
    <subfield code="c">98388</subfield>
    <subfield code="d">98388</subfield>
  </datafield>
  <datafield tag="952" ind1=" " ind2=" ">
    <subfield code="0">0</subfield>
    <subfield code="1">0</subfield>
    <subfield code="4">0</subfield>
    <subfield code="7">0</subfield>
    <subfield code="8">Kannada</subfield>
    <subfield code="a">AL</subfield>
    <subfield code="b">AL</subfield>
    <subfield code="c">Kannada Language</subfield>
    <subfield code="d">2021-02-17</subfield>
    <subfield code="e">Athree Book Centre, Mangalore-01.</subfield>
    <subfield code="g">56.00</subfield>
    <subfield code="l">1</subfield>
    <subfield code="o">K494.3 YAJP</subfield>
    <subfield code="p">049493</subfield>
    <subfield code="r">2024-05-06 00:00:00</subfield>
    <subfield code="s">2023-10-12</subfield>
    <subfield code="w">2021-02-17</subfield>
    <subfield code="y">BK</subfield>
  </datafield>
</record>
